| 000 | 00371nam a22001457a 4500 | ||
|---|---|---|---|
| 082 | _aP-430(B) | ||
| 100 |
_aSaad Khan Bettani _948104 |
||
| 245 | _aProduction of Low Cost Foam Concrete Using Detergents | ||
| 260 |
_aRisalpur Cantt _bMCE |
||
| 300 | _aP 43 | ||
| 526 |
_a0 _b0 _c0 _dP_430B |
||
| 650 | _aProject | ||
| 700 |
_aShehzad Ul Hassan _948105 |
||
| 942 |
_2ddc _cBK |
||
| 999 |
_c551141 _d551141 |
||